Writing : invention from and style

Bibliographic Details
Main Authors: Podis, Leonard A. (Author), Podis, Joanne M. (Author)
Format: Book
Language:English
Published: Glenview, Ill. : Socit, Foreman and Company 1984
Subjects:

MARC

LEADER 00000cam a2200000 7i4500
001 0000004290
005 20240930.0
008 991211 ilua eng
020 |a 0673155250 (hbk) 
040 |a INS   |b eng   |e rda 
090 0 0 |a PE1408   |b .P62 1984 
100 1 |a Podis, Leonard A. ,   |e author 
245 1 0 |a Writing :   |b invention from and style   |c Leonard A. Podis, Joanne M. Podis 
264 1 |a Glenview, Ill. :   |b Socit, Foreman and Company   |c 1984 
264 4 |c ©1984 
300 |a 558 pages :   |b illustrations ;   |c 24 cm. 
336 |a text  |2 rdacontent 
337 |a unmediated  |2 rdamedia 
338 |a volume  |2 rdacarrier 
500 |a Includes index 
650 0 |a English language   |x Rhetoric 
700 1 |a Podis, Joanne M. ,   |e author 
999 |a 0000003021   |b BOOK   |c Open Shelf   |e Default branch